| 000 | 00550nam a2200205Ia 4500 | ||
|---|---|---|---|
| 003 | GCL | ||
| 008 | 140319s9999 xx 000 0 eng d | ||
| 040 |
_aGCL / _cGCL |
||
| 082 | 0 | 4 |
_a155.4 _bB O |
| 100 | 1 | _aBEATY, JANICE D. | |
| 245 | 1 | 0 |
_aOBSERVING DEVELOPMENT OF THE YOUNG CHILD / _cBEATY, JANICE D. |
| 260 |
_a[S.N] : _bMACMILLAN PUBLBISHING COMPANY ، _c1994 |
||
| 300 | _a389 P | ||
| 650 | 0 | 4 | _aPRESCHOOL |
| 650 | 0 | 4 | _aPRESCHOOL TEACHERS |
| 650 | 0 | 4 | _aEDUCATION |
| 650 | 0 | 4 | _aTRAINING |
| 650 | 0 | 4 | _aCHILD - DEVELOPMENT |
| 942 |
_2ddc _cBK |
||
| 999 |
_c22165 _d22165 |
||